[Event "Quebec op U2000"]
[Site "Montreal CAN"]
[Date "2016.07.25"]
[Round "4.44"]
[White "Armstrong, Robert J"]
[Black "Molloy, Francis"]
[Result "1-0"]
[WhiteElo "1735"]
[BlackElo "1527"]
[PlyCount "53"]
[EventDate "2016.07.23"]
[EventType "swiss"]
[EventRounds "8"]
[EventCountry "CAN"]

1. d4 d5 2. Nf3 e6 3. e3 Nf6 4. c4 dxc4 5. Bxc4 Be7 6. O-O O-O 7. Nc3 a6 8. a3
b5 9. Ba2 c5 10. dxc5 Bxc5 11. b4 Be7 12. Bb2 Bb7 13. Qe2 Nc6 14. Rac1 Qb6 15.
Rfd1 Rfd8 16. Bb1 Rxd1+ 17. Rxd1 Rd8 18. Ne4 Nxe4 19. Bxe4 Rxd1+ 20. Qxd1 Qd8
21. Qc2 f5 22. Bd3 Qd5 23. e4 Qd8 24. exf5 exf5 25. Bxf5 h6 26. Bh7+ Kh8 27.
Bxg7+ 1-0

[Event "Quebec op U2000"]
[Site "Montreal CAN"]
[Date "2016.07.25"]
[Round "4.45"]
[White "Chevalier, Francois"]
[Black "Dubreuil, Raymond"]
[Result "1/2-1/2"]
[WhiteElo "1779"]
[BlackElo "1637"]
[PlyCount "58"]
[EventDate "2016.07.23"]
[EventType "swiss"]
[EventRounds "8"]
[EventCountry "CAN"]

1. d4 Nf6 2. Nf3 g6 3. Bg5 Bg7 4. Nbd2 O-O 5. c3 d5 6. e3 Nbd7 7. Bd3 c5 8. O-O
c4 9. Bc2 Re8 10. Re1 h6 11. Bxf6 Nxf6 12. Ne5 Nd7 13. f4 Nxe5 14. fxe5 Bd7 15.
Qe2 Qc8 16. Rf1 Rf8 17. h3 Qc6 18. Rf2 f5 19. exf6 Rxf6 20. Rxf6 Qxf6 21. Rf1
Qe6 22. e4 Bc6 23. e5 Rf8 24. Rxf8+ Bxf8 25. Qf2 Be8 26. Qg3 Qf7 27. Nf3 e6 28.
Nh2 Kh7 29. Nf3 Be7 1/2-1/2

[Event "Quebec op U2000"]
[Site "Montreal CAN"]
[Date "2016.07.25"]
[Round "4.46"]
[White "Mathews, Theo"]
[Black "Gauthier, Luc"]
[Result "1-0"]
[WhiteElo "1588"]
[BlackElo "1775"]
[PlyCount "59"]
[EventDate "2016.07.23"]
[EventType "swiss"]
[EventRounds "8"]
[EventCountry "CAN"]

1. e4 Nf6 2. Nc3 d5 3. e5 d4 4. exf6 dxc3 5. fxg7 cxd2+ 6. Qxd2 Qxd2+ 7. Bxd2
Bxg7 8. O-O-O Nc6 9. Nf3 Bg4 10. Bb5 O-O 11. h3 Bh5 12. g4 Bg6 13. Rhe1 e6 14.
h4 h6 15. h5 Bh7 16. g5 hxg5 17. Bxg5 Nb4 18. h6 Bh8 19. Be7 Nxc2 20. Rg1+ Bg6
21. Bxf8 Kxf8 22. Rxg6 fxg6 23. Kxc2 c6 24. Bc4 Ke7 25. Re1 e5 26. Nxe5 Bxe5
27. Rxe5+ Kf6 28. Re6+ Kg5 29. h7 Rh8 30. Re7 1-0

[Event "Quebec op U2000"]
[Site "Montreal CAN"]
[Date "2016.07.25"]
[Round "4.47"]
[White "Martel, Paul"]
[Black "Kozlov, Guennadi"]
[Result "1-0"]
[WhiteElo "1714"]
[BlackElo "1747"]
[PlyCount "123"]
[EventDate "2016.07.23"]
[EventType "swiss"]
[EventRounds "8"]
[EventCountry "CAN"]

1. e4 c6 2. d4 d5 3. Nc3 dxe4 4. Nxe4 Bf5 5. Ng3 Bg6 6. Nf3 h6 7. h4 Nf6 8. h5
Bh7 9. Bd3 e6 10. c3 Bd6 11. Qc2 Bxd3 12. Qxd3 Qc7 13. Ne4 Nxe4 14. Qxe4 Nd7
15. Qg4 Bf8 16. Bf4 Qb6 17. O-O-O Nf6 18. Qh4 Qa5 19. Kb1 Nd5 20. Bd2 Qb5 21.
Qe4 Be7 22. Ne5 Nf6 23. Qf3 Ba3 24. Bc1 a5 25. c4 Qa4 26. bxa3 Ra6 27. c5 O-O
28. Bb2 b5 29. Qb3 Ne4 30. Rhf1 Rb8 31. Nd7 Rb7 32. Nb6 Qxb3 33. axb3 Nf6 34.
Bc1 Nxh5 35. Nc8 Nf6 36. Nd6 Rd7 37. Kc2 Ra8 38. Rde1 Ne8 39. Bf4 Nf6 40. f3
Nd5 41. Bd2 Nf6 42. Rh1 Ne8 43. Bf4 Nf6 44. Rh3 Nd5 45. Bd2 Ne7 46. g4 a4 47.
b4 Ng6 48. f4 Kh7 49. g5 Nf8 50. Reh1 Rad8 51. gxh6 g6 52. Be3 f5 53. Bf2 Rb8
54. Bh4 Ra8 55. Bf6 Rb8 56. Re1 Ra8 57. Bg7 Rxg7 58. hxg7+ Kxg7 59. Reh1 Rd8
60. Rh8 Rb8 61. R1h7+ Nxh7 62. Rxb8 1-0

[Event "Quebec op U2000"]
[Site "Montreal CAN"]
[Date "2016.07.26"]
[Round "5.1"]
[White "De Lagrave, Sylvain"]
[Black "Ivakhin, Mikhail"]
[Result "1/2-1/2"]
[WhiteElo "1895"]
[BlackElo "1853"]
[PlyCount "58"]
[EventDate "2016.07.23"]
[EventType "swiss"]
[EventRounds "8"]
[EventCountry "CAN"]

1. d4 d6 2. e4 g6 3. Nc3 Bg7 4. g3 Nf6 5. Bg2 Bg4 6. Nge2 Nc6 7. h3 Bd7 8. O-O
O-O 9. Be3 Qc8 10. Kh2 e5 11. Qd2 exd4 12. Nxd4 Ne5 13. b3 a6 14. Rad1 c5 15.
Nde2 Bxh3 16. Bf4 Bxg2 17. Kxg2 Rd8 18. Bg5 Qc6 19. Qf4 Nh5 20. Qh4 f6 21. Be3
Qd7 22. Bxc5 Qe6 23. Be3 Rac8 24. Rd2 f5 25. Nd4 Qf7 26. Nd5 Re8 27. f3 Nf6 28.
Nxf6+ Bxf6 29. Bg5 Bxg5 1/2-1/2

[Event "Quebec op U2000"]
[Site "Montreal CAN"]
[Date "2016.07.26"]
[Round "5.2"]
[White "Pare, Marc"]
[Black "Morin, Louis"]
[Result "1-0"]
[WhiteElo "1867"]
[BlackElo "1907"]
[PlyCount "73"]
[EventDate "2016.07.23"]
[EventType "swiss"]
[EventRounds "8"]
[EventCountry "CAN"]

1. e4 e5 2. Nf3 d6 3. d4 Nf6 4. Nc3 Nbd7 5. Bc4 Be7 6. h3 c6 7. a4 O-O 8. O-O
Nxe4 9. Bxf7+ Rxf7 10. Nxe4 h6 11. Nxd6 Bxd6 12. dxe5 Rxf3 13. Qxd6 Rf8 14.
Bxh6 Nxe5 15. Qxe5 gxh6 16. Ra3 Qf6 17. Rg3+ Kh7 18. Qc5 b6 19. Qa3 c5 20. Rf3
Bf5 21. Re1 Rf7 22. a5 Rg8 23. axb6 axb6 24. Qb3 Rfg7 25. g4 h5 26. Qd5 Bxg4
27. Qxg8+ Kxg8 28. Rxf6 Bf5+ 29. Kh2 Bxc2 30. Rxb6 c4 31. Rg1 Rxg1 32. Kxg1 Kg7
33. Kg2 h4 34. Kf3 Bf5 35. Rc6 Bxh3 36. Rxc4 Kf6 37. Rxh4 1-0

[Event "Quebec op U2000"]
[Site "Montreal CAN"]
[Date "2016.07.26"]
[Round "5.3"]
[White "Zhong, Wenxuan"]
[Black "Perna-Fraser, David"]
[Result "1/2-1/2"]
[WhiteElo "1821"]
[BlackElo "1919"]
[PlyCount "73"]
[EventDate "2016.07.23"]
[EventType "swiss"]
[EventRounds "8"]
[EventCountry "CAN"]

1. e4 e5 2. Nf3 Nf6 3. Nxe5 d6 4. Nf3 Nxe4 5. d4 d5 6. Bd3 Bd6 7. O-O O-O 8. c4
c6 9. Nc3 Nxc3 10. bxc3 dxc4 11. Bxc4 Bg4 12. h3 Bh5 13. Be3 Qa5 14. Bd2 Nd7
15. Bd3 Nf6 16. c4 Qc7 17. Bg5 Bf4 18. Bxf4 Qxf4 19. Qd2 Qxd2 20. Nxd2 Rad8 21.
Nb3 Bg6 22. Bxg6 hxg6 23. Rfe1 Rfe8 24. f3 Nh5 25. Rxe8+ Rxe8 26. d5 cxd5 27.
cxd5 Rd8 28. Rd1 Rd6 29. Nc5 Nf4 30. Nxb7 Rxd5 31. Rxd5 Nxd5 32. Na5 Nc3 33.
Nc6 a6 34. a3 Nb1 35. Nb8 a5 36. a4 Nc3 37. Nc6 1/2-1/2

[Event "Quebec op U2000"]
[Site "Montreal CAN"]
[Date "2016.07.26"]
[Round "5.4"]
[White "Liu, Yu Qing"]
[Black "Filiatrault, Marc"]
[Result "0-1"]
[WhiteElo "1821"]
[BlackElo "1871"]
[PlyCount "84"]
[EventDate "2016.07.23"]
[EventType "swiss"]
[EventRounds "8"]
[EventCountry "CAN"]

1. e4 c5 2. Nf3 d6 3. d4 cxd4 4. Nxd4 Nf6 5. Nc3 a6 6. Qf3 Nbd7 7. Be2 Qb6 8.
Nb3 Qc7 9. Be3 e6 10. g4 h6 11. Qg2 b5 12. a3 Bb7 13. Bf4 Rc8 14. O-O-O Bxe4
15. f3 Nd5 16. Bd2 Bg6 17. Nd4 N7b6 18. f4 Nxc3 19. Bxc3 Nd5 20. f5 Nxc3 21.
fxg6 Nxd1 22. Rxd1 Be7 23. gxf7+ Kxf7 24. Qe4 Qd7 25. Bd3 Bf6 26. Rf1 Rhf8 27.
g5 hxg5 28. Nf3 Ke7 29. Kb1 Rc5 30. Qg6 Kd8 31. Nd2 d5 32. b4 Rc8 33. Nb3 Kc7
34. Qh5 Qd6 35. Re1 Rfe8 36. Nc5 e5 37. Bf5 Rcd8 38. a4 Re7 39. Qe2 Qc6 40. Bd3
Rb8 41. Bf5 a5 42. Qg4 bxa4 0-1

[Event "Quebec op U2000"]
[Site "Montreal CAN"]
[Date "2016.07.26"]
[Round "5.5"]
[White "Langlois-Remillard, Alexis"]
[Black "Marcone, Malcom"]
[Result "1/2-1/2"]
[WhiteElo "1850"]
[BlackElo "1806"]
[PlyCount "90"]
[EventDate "2016.07.23"]
[EventType "swiss"]
[EventRounds "8"]
[EventCountry "CAN"]

1. b3 d5 2. Bb2 Bg4 3. f3 Bf5 4. e4 dxe4 5. Nc3 exf3 6. Qxf3 Qc8 7. Bc4 h5 8.
Nge2 Nf6 9. O-O e6 10. Rae1 Be7 11. Ng3 Bg4 12. Qe3 h4 13. Nge4 Nbd7 14. Qg5
Rh5 15. Qxg7 Rh7 16. Qg5 Rh5 17. Qe3 Qd8 18. Ng5 Bc5 19. d4 Bxd4 20. Qxd4 Rxg5
21. Ne4 Nxe4 22. Rxe4 Bf5 23. Rxh4 Nf8 24. Qxd8+ Rxd8 25. Bf6 Rg8 26. Bxd8 Kxd8
27. Bd3 Bxd3 28. Rd4+ Ke7 29. Rxd3 Nd7 30. h4 Ne5 31. Re3 Ng4 32. Rg3 f5 33.
Rf4 Rd8 34. Rd3 Rh8 35. g3 Ne5 36. Rd1 Kf6 37. Kg2 Ng6 38. Rfd4 f4 39. Rh1 e5
40. Rd7 e4 41. h5 f3+ 42. Kf2 Ne5 43. Rd4 Ng4+ 44. Ke1 Ke5 45. Rd7 e3 1/2-1/2

[Event "Quebec op U2000"]
[Site "Montreal CAN"]
[Date "2016.07.26"]
[Round "5.6"]
[White "Brassard, Sylvain"]
[Black "El-Adraoui, Mourad"]
[Result "1-0"]
[WhiteElo "1842"]
[BlackElo "1768"]
[PlyCount "83"]
[EventDate "2016.07.23"]
[EventType "swiss"]
[EventRounds "8"]
[EventCountry "CAN"]

1. d4 c5 2. c3 Nf6 3. e3 d5 4. Bd3 Nc6 5. f4 g6 6. Nf3 Bg4 7. Nbd2 cxd4 8. cxd4
e6 9. a3 Qa5 10. Rb1 Bd6 11. O-O Bf5 12. b4 Qc7 13. Nb3 O-O 14. Bb2 Rfc8 15.
Rc1 Qd8 16. Ne5 Ne7 17. Nc5 Rc7 18. Be2 b6 19. Ncd3 Be4 20. g4 Rac8 21. Qd2
Bxd3 22. Qxd3 Ne4 23. Bf3 f6 24. Bxe4 dxe4 25. Qxe4 fxe5 26. fxe5 Rxc1 27. Bxc1
Bc7 28. Qf3 Qe8 29. e4 Nc6 30. Bh6 Qe7 31. Qf2 Rd8 32. h4 Re8 33. Bg5 Qd7 34.
Be3 Rd8 35. Kg2 Nxd4 36. Bxd4 Qg7 37. Qa2 Rxd4 38. Qxe6+ Kh8 39. Qe8+ Qg8 40.
Rf8 Rd2+ 41. Kf1 Rf2+ 42. Kxf2 1-0

[Event "Quebec op U2000"]
[Site "Montreal CAN"]
[Date "2016.07.26"]
[Round "5.7"]
[White "Messier, David"]
[Black "Mangahas, Ronald"]
[Result "1-0"]
[WhiteElo "1719"]
[BlackElo "1840"]
[PlyCount "43"]
[EventDate "2016.07.23"]
[EventType "swiss"]
[EventRounds "8"]
[EventCountry "CAN"]

1. e4 c5 2. c3 d6 3. d4 cxd4 4. cxd4 Nf6 5. Nc3 e6 6. Nf3 Be7 7. Bd3 O-O 8. O-O
Nbd7 9. e5 dxe5 10. dxe5 Ne8 11. Be3 Qa5 12. h4 Nxe5 13. Nxe5 Qxe5 14. Bd4 Qa5
15. Re1 Nf6 16. Re5 Qc7 17. Rc1 Qb8 18. Rg5 Bd7 19. Rxg7+ Kxg7 20. Qg4+ Kh8 21.
Bxf6+ Bxf6 22. Qh5 1-0

[Event "Quebec op U2000"]
[Site "Montreal CAN"]
[Date "2016.07.26"]
[Round "5.8"]
[White "Nica, Ion"]
[Black "Shah, Omar"]
[Result "1/2-1/2"]
[WhiteElo "1753"]
[BlackElo "1973"]
[PlyCount "46"]
[EventDate "2016.07.23"]
[EventType "swiss"]
[EventRounds "8"]
[EventCountry "CAN"]

1. d4 Nf6 2. Nc3 e6 3. e4 Bb4 4. Bd3 c5 5. dxc5 O-O 6. Bd2 Bxc5 7. e5 Nd5 8.
Qh5 g6 9. Qh6 Nxc3 10. Bxc3 Re8 11. Nf3 Bf8 12. Qf4 Bg7 13. h4 Nc6 14. h5 Ne7
15. hxg6 Nxg6 16. Qh2 h6 17. Bd2 f5 18. Bxh6 Bxe5 19. Qh5 Qf6 20. Bg5 Qg7 21.
Bh6 Qf6 22. Bg5 Qg7 23. Bh6 Qf6 1/2-1/2

[Event "Quebec op U2000"]
[Site "Montreal CAN"]
[Date "2016.07.26"]
[Round "5.9"]
[White "Desmarais, Serge"]
[Black "Joyal, Bruno"]
[Result "1-0"]
[WhiteElo "1743"]
[BlackElo "1925"]
[PlyCount "103"]
[EventDate "2016.07.23"]
[EventType "swiss"]
[EventRounds "8"]
[EventCountry "CAN"]

1. d4 d5 2. c4 c6 3. Nf3 Nf6 4. Bf4 Nbd7 5. e3 e6 6. Nbd2 Be7 7. Rc1 O-O 8. Bd3
b6 9. cxd5 Nxd5 10. Bg3 Nb4 11. Bb1 Ba6 12. Ne4 f5 13. Nc3 Nf6 14. a3 Nbd5 15.
Qa4 Bb7 16. Ne5 b5 17. Nxb5 cxb5 18. Qxb5 Qb6 19. Bd3 Qxb5 20. Bxb5 Rac8 21.
Ke2 Nc7 22. Bc6 Ba6+ 23. Nd3 Ncd5 24. f3 g5 25. Kd2 Bxd3 26. Kxd3 Rfd8 27. Bf2
e5 28. g3 exd4 29. exd4 Nb6 30. Rhe1 Rc7 31. Rc2 Rdc8 32. Rec1 Kf8 33. Be3 Nfd5
34. Bd2 Bf6 35. a4 Ne7 36. Bb4 Rd8 37. Bc5 Nbc8 38. Bb5 Kf7 39. b4 Nc6 40. Bxc6
Rxc6 41. b5 Rc7 42. a5 Rcd7 43. Rc4 Nd6 44. Bxd6 Rxd6 45. Rc7+ R8d7 46. Rxd7+
Rxd7 47. Rc4 Rb7 48. Rc5 Ke6 49. Rc6+ Ke7 50. Kc4 Rd7 51. d5 Be5 52. Re6+ 1-0

[Event "Quebec op U2000"]
[Site "Montreal CAN"]
[Date "2016.07.26"]
[Round "5.10"]
[White "Armstrong, Robert J"]
[Black "Weston, Paul"]
[Result "0-1"]
[WhiteElo "1735"]
[BlackElo "1893"]
[PlyCount "74"]
[EventDate "2016.07.23"]
[EventType "swiss"]
[EventRounds "8"]
[EventCountry "CAN"]

1. g3 g6 2. Bg2 Bg7 3. c4 e5 4. Qb3 Nc6 5. e3 Nge7 6. Nc3 O-O 7. d3 d6 8. Bd2
Be6 9. Nd5 Rb8 10. Ne2 Qd7 11. h4 h5 12. e4 Nd8 13. a4 c6 14. Ne3 b6 15. f4 f5
16. Bc3 Kh7 17. Qd1 Nb7 18. Ng1 exf4 19. gxf4 fxe4 20. Bxe4 Nf5 21. Nxf5 Bxf5
22. Nf3 Rbe8 23. Ng5+ Kg8 24. Kd2 Nc5 25. Rg1 d5 26. cxd5 cxd5 27. Bxf5 Qxf5
28. Kc2 Nxd3 29. Kb3 d4 30. Bd2 Qd5+ 31. Ka3 Nc5 32. b4 Ne4 33. Rb1 Nxd2 34.
Qxd2 Re3+ 35. Kb2 Qb3+ 36. Ka1 d3+ 37. Rb2 Re2 0-1

[Event "Quebec op U2000"]
[Site "Montreal CAN"]
[Date "2016.07.26"]
[Round "5.11"]
[White "Mok, Yuen Tak"]
[Black "O'Neill, Brendon"]
[Result "1-0"]
[WhiteElo "1867"]
[BlackElo "1699"]
[PlyCount "143"]
[EventDate "2016.07.23"]
[EventType "swiss"]
[EventRounds "8"]
[EventCountry "CAN"]

1. e4 c5 2. c3 Nf6 3. e5 Nd5 4. d4 cxd4 5. Nf3 d6 6. cxd4 Nc6 7. Bc4 e6 8. Qe2
Nb6 9. Bb3 Be7 10. O-O O-O 11. Nc3 Na5 12. Bc2 Bd7 13. exd6 Bf6 14. Ne4 h6 15.
Nxf6+ Qxf6 16. Ne5 Nc6 17. Qe4 Qf5 18. Qxf5 exf5 19. Nxd7 Nxd7 20. Bxf5 Rad8
21. Rd1 Nf6 22. b3 Rfe8 23. Ba3 g6 24. Bh3 Re4 25. Rac1 Nd5 26. g3 Re2 27. Bg2
Rxa2 28. Ra1 Rxa1 29. Rxa1 Nc3 30. Bxc6 bxc6 31. Bc5 Nb5 32. Kf1 Nxd6 33. Rxa7
Nb5 34. Ra4 Re8 35. Rc4 Re6 36. Rc2 Kg7 37. Re2 Kf6 38. Re3 Nc7 39. Bf8 Kg5 40.
Ke2 h5 41. h3 Kf5 42. Kd3 Rxe3+ 43. fxe3 Ne6 44. Be7 Nc7 45. Bd8 Ne8 46. e4+
Ke6 47. g4 hxg4 48. hxg4 Nd6 49. g5 Ne8 50. Ba5 Nd6 51. Bb4 Ne8 52. Kc4 f6 53.
d5+ cxd5+ 54. exd5+ Kd7 55. gxf6 Nxf6 56. Kd4 Ne8 57. Ke5 Nc7 58. Bd2 Nb5 59.
Bg5 Nc7 60. b4 Nb5 61. Bf4 Ke7 62. Bg5+ Kd7 63. Bh4 Nd6 64. Bf2 Nf5 65. Bc5 Ng7
66. b5 Ne8 67. b6 g5 68. Bf2 g4 69. Kf5 Kd6 70. Bg3+ Kd7 71. b7 Ng7+ 72. Kxg4
1-0

[Event "Quebec op U2000"]
[Site "Montreal CAN"]
[Date "2016.07.26"]
[Round "5.12"]
[White "Lamoureux, Yvon"]
[Black "Petit, Raymond"]
[Result "1/2-1/2"]
[WhiteElo "1663"]
[BlackElo "1848"]
[PlyCount "72"]
[EventDate "2016.07.23"]
[EventType "swiss"]
[EventRounds "8"]
[EventCountry "CAN"]

1. g3 d5 2. Bg2 Nf6 3. d3 g6 4. c4 Bg7 5. Nc3 c6 6. Bg5 O-O 7. Qd2 Be6 8. cxd5
cxd5 9. Bh6 Nc6 10. Bxg7 Kxg7 11. Nh3 Qd7 12. Nf4 Rac8 13. O-O d4 14. Nxe6+
Qxe6 15. Nb5 Qe5 16. Na3 Rfd8 17. Rfc1 Qb8 18. Rc4 Ne5 19. Rxc8 Rxc8 20. Rc1
Rxc1+ 21. Qxc1 Nc6 22. Qc5 Nd7 23. Qc4 Nb6 24. Qb5 Qc7 25. Nc4 Nxc4 26. Qxc4
Qb6 27. Bxc6 bxc6 28. b4 e5 29. a4 Kf6 30. a5 Qb5 31. Qxb5 cxb5 32. e4 dxe3 33.
fxe3 h6 34. Kf2 Kf5 35. h3 g5 36. e4+ Ke6 1/2-1/2

[Event "Quebec op U2000"]
[Site "Montreal CAN"]
[Date "2016.07.26"]
[Round "5.13"]
[White "Villeneuve, Benoit"]
[Black "Levasseur, Sylvain"]
[Result "1-0"]
[WhiteElo "1795"]
[BlackElo "1629"]
[PlyCount "69"]
[EventDate "2016.07.23"]
[EventType "swiss"]
[EventRounds "8"]
[EventCountry "CAN"]

1. e4 e5 2. Nf3 Nc6 3. Bb5 a6 4. Ba4 Nf6 5. O-O Be7 6. Re1 b5 7. Bb3 O-O 8. d3
d6 9. c3 Na5 10. Bc2 c5 11. Nbd2 Nc6 12. Nf1 a5 13. Ng3 Ne8 14. d4 cxd4 15.
cxd4 Bg4 16. Nf5 Bf6 17. Be3 exd4 18. N5xd4 Nxd4 19. Bxd4 Bxf3 20. gxf3 Be5 21.
Bxe5 dxe5 22. Qxd8 Rxd8 23. Rad1 Nc7 24. a3 Ne6 25. Bb1 Nd4 26. Rd3 Rd6 27.
Red1 Nxf3+ 28. Kg2 Nd4 29. Rc1 Rfd8 30. Rc5 f6 31. Ba2+ Kf8 32. Bd5 Ne6 33.
Bxe6 Rxd3 34. Rxb5 R3d6 35. Bd5 1-0

[Event "Quebec op U2000"]
[Site "Montreal CAN"]
[Date "2016.07.26"]
[Round "5.14"]
[White "Zumsteg, Nicolas"]
[Black "Jacques, Simon"]
[Result "0-1"]
[WhiteElo "1793"]
[BlackElo "1625"]
[PlyCount "56"]
[EventDate "2016.07.23"]
[EventType "swiss"]
[EventRounds "8"]
[EventCountry "CAN"]

1. e4 e6 2. d4 d5 3. Nd2 Nf6 4. e5 Nfd7 5. Bd3 c5 6. c3 Nc6 7. Ne2 Qb6 8. Nf3
cxd4 9. cxd4 Bb4+ 10. Bd2 Nf8 11. O-O Bd7 12. a3 Be7 13. b4 a6 14. Qb3 Na5 15.
Qa2 Nc4 16. Bxc4 dxc4 17. Rfc1 Bc6 18. Ne1 Bd5 19. Bc3 Ng6 20. Qd2 O-O 21. Nf4
Nxf4 22. Qxf4 Qd8 23. Rd1 b5 24. Nc2 f6 25. a4 fxe5 26. Qxe5 Bd6 27. Qe2 Qg5
28. Ne3 Bf3 0-1

[Event "Quebec op U2000"]
[Site "Montreal CAN"]
[Date "2016.07.26"]
[Round "5.15"]
[White "Mathews, Theo"]
[Black "Blanchet, Robert"]
[Result "0-1"]
[WhiteElo "1588"]
[BlackElo "1767"]
[PlyCount "74"]
[EventDate "2016.07.23"]
[EventType "swiss"]
[EventRounds "8"]
[EventCountry "CAN"]

1. e4 c5 2. Nf3 d6 3. d4 cxd4 4. Nxd4 Nf6 5. Nc3 a6 6. Be2 e6 7. O-O Be7 8. Be3
Bd7 9. Qd2 O-O 10. f4 Nc6 11. Nxc6 Bxc6 12. Bf3 Qc7 13. Qf2 d5 14. exd5 exd5
15. Rad1 Ne4 16. Nxe4 dxe4 17. Be2 Bf6 18. Bb6 Qc8 19. b3 Bd8 20. Bxd8 Rxd8 21.
f5 Qc7 22. f6 Rxd1 23. Rxd1 Rd8 24. Rxd8+ Qxd8 25. fxg7 Kxg7 26. c4 Qg5 27. g3
Qe5 28. Bf1 f5 29. Qe3 Kg6 30. c5 Qb2 31. Qf2 Qc3 32. Bh3 Qc1+ 33. Bf1 e3 34.
Qf4 Qxc5 35. Be2 Qd5 36. Bh5+ Kxh5 37. Qh4+ Kg6 0-1

[Event "Quebec op U2000"]
[Site "Montreal CAN"]
[Date "2016.07.26"]
[Round "5.16"]
[White "Parenteau, Francois"]
[Black "Guipi Bopala, Prince Eric jr"]
[Result "0-1"]
[WhiteElo "1696"]
[BlackElo "1816"]
[PlyCount "61"]
[EventDate "2016.07.23"]
[EventType "swiss"]
[EventRounds "8"]
[EventCountry "CAN"]

1. d4 Nf6 2. c4 g6 3. Nc3 Bg7 4. e4 d6 5. Nf3 O-O 6. Be2 Nbd7 7. O-O e5 8. d5
Nc5 9. Qc2 a5 10. Bg5 h6 11. Bh4 Qe8 12. Nd2 Nh7 13. b3 f5 14. f3 f4 15. a3 g5
16. Bf2 Na6 17. Rab1 h5 18. b4 axb4 19. axb4 b6 20. c5 bxc5 21. bxc5 Qg6 22.
Nb5 Bd7 23. Rfc1 g4 24. cxd6 cxd6 25. Nc7 Rfc8 26. Rb7 Rxc7 27. Rxc7 Nxc7 28.
Qxc7 Rc8 29. Qxd7 Rxc1+ 30. Nf1 gxf3 31. Bxf3 0-1

[Event "Quebec op U2000"]
[Site "Montreal CAN"]
[Date "2016.07.26"]
[Round "5.17"]
[White "Moore, Ronald"]
[Black "Martel, Paul"]
[Result "1/2-1/2"]
[WhiteElo "1684"]
[BlackElo "1714"]
[PlyCount "49"]
[EventDate "2016.07.23"]
[EventType "swiss"]
[EventRounds "8"]
[EventCountry "CAN"]

1. d4 Nf6 2. Bg5 d5 3. e3 c5 4. c3 e6 5. f4 Nbd7 6. Nf3 Be7 7. Nbd2 h6 8. Bh4
Ng4 9. Bxe7 Qxe7 10. Qe2 O-O 11. h3 Ngf6 12. g4 Nh7 13. h4 f6 14. Qh2 cxd4 15.
exd4 g6 16. O-O-O Qd6 17. Bd3 Kg7 18. Bxg6 e5 19. Bxh7 Kxh7 20. dxe5 fxe5 21.
fxe5 Qe7 22. g5 Nc5 23. gxh6 Bf5 24. Rdg1 Ne6 25. Nd4 1/2-1/2

[Event "Quebec op U2000"]
[Site "Montreal CAN"]
[Date "2016.07.26"]
[Round "5.18"]
[White "Gilbert, Erick"]
[Black "Deschamps, Richard"]
[Result "1/2-1/2"]
[WhiteElo "1803"]
[BlackElo "1905"]
[PlyCount "112"]
[EventDate "2016.07.23"]
[EventType "swiss"]
[EventRounds "8"]
[EventCountry "CAN"]

1. Nf3 Nf6 2. c4 g6 3. g3 Bg7 4. Bg2 O-O 5. O-O d6 6. Nc3 e5 7. d3 c6 8. Bg5 h6
9. Bd2 Be6 10. Qc1 Kh7 11. b4 Na6 12. Rb1 Qd7 13. Qa3 Bh3 14. b5 Nc5 15. Nxe5
dxe5 16. Qxc5 Bxg2 17. Kxg2 e4 18. bxc6 bxc6 19. d4 Rfe8 20. Be3 Ng4 21. h3
Nxe3+ 22. fxe3 Bf8 23. Qa5 Bd6 24. Na4 Rac8 25. Nc5 Qe7 26. Rb7 Rc7 27. Rxc7
Bxc7 28. Qe1 f5 29. Qf2 Rb8 30. Na6 Rb2 31. Nxc7 Qxc7 32. g4 Qe7 33. gxf5 Qg5+
34. Kh1 gxf5 35. Rg1 Qh5 36. Qg3 Qf7 37. Rg2 Rxa2 38. Qe5 a5 39. d5 cxd5 40.
cxd5 a4 41. d6 Rc2 42. Qe7 Qxe7 43. dxe7 Rc8 44. Rg1 Re8 45. Ra1 Rxe7 46. Rxa4
Kg6 47. Kh2 Rb7 48. Kg3 Rb2 49. Kf4 Rxe2 50. Ra6+ Kh5 51. Kxf5 Rxe3 52. Kf4 Re2
53. Re6 e3 54. Kf3 Rh2 55. Kg3 Re2 56. Kf3 Re1 1/2-1/2

[Event "Quebec op U2000"]
[Site "Montreal CAN"]
[Date "2016.07.26"]
[Round "5.19"]
[White "Brunet, Guy"]
[Black "Cisse, Lamine"]
[Result "0-1"]
[WhiteElo "1625"]
[BlackElo "1898"]
[PlyCount "150"]
[EventDate "2016.07.23"]
[EventType "swiss"]
[EventRounds "8"]
[EventCountry "CAN"]

1. d4 d5 2. Nf3 e6 3. Bf4 Be7 4. e3 f5 5. Nbd2 Nf6 6. c4 c6 7. Be2 O-O 8. O-O
Ne4 9. Rc1 Nd7 10. a3 g5 11. Be5 g4 12. Ne1 Nxe5 13. dxe5 Qc7 14. f4 Qb6 15.
Nxe4 dxe4 16. Qd2 Bd8 17. Qc3 c5 18. Nc2 a5 19. Rfd1 Bd7 20. Rd2 Bc6 21. Rcd1
Rb8 22. Kf2 Bh4+ 23. Kg1 Be7 24. Kf2 Rf7 25. Kg1 a4 26. Kf2 Qc7 27. Kg1 Bf8 28.
Kf2 Rg7 29. g3 h5 30. Kg2 h4 31. Rh1 Rh7 32. Rdd1 Qf7 33. Qe1 Be7 34. Na1 Kg7
35. Qc3 Rbh8 36. Qc1 Bd8 37. Nc2 Ba5 38. Na1 Bc7 39. Nc2 hxg3 40. hxg3 Rh3 41.
Rxh3 gxh3+ 42. Kh2 Qg6 43. Rg1 Qh6 44. g4 Ba5 45. gxf5+ Kf8 46. f6 Qh4 47. Rg3
Be8 48. Qe1 Bc7 49. Qf1 Ba5 50. Qd1 Bc7 51. Qe1 Bf7 52. Qg1 Qh6 53. Bf1 Rg8 54.
Rxg8+ Bxg8 55. Qg5 Qxg5 56. fxg5 Kf7 57. Kxh3 Bh7 58. Kh4 Bxe5 59. Bh3 Bf5 60.
Bg4 Bxg4 61. Kxg4 Kg6 62. Ne1 Bxb2 63. Nc2 e5 64. f7 Kxf7 65. Kf5 Bc3 66. Kxe4
Kg6 67. Kd5 Kxg5 68. Kxc5 Kf5 69. Kb6 Ke4 70. Kxb7 Kd3 71. c5 Kxc2 72. c6 Ba5
73. Ka6 Bd8 74. Kb7 Kb3 75. Kc8 Ba5 0-1

[Event "Quebec op U2000"]
[Site "Montreal CAN"]
[Date "2016.07.26"]
[Round "5.20"]
[White "Sharpe, Michael"]
[Black "Chevalier, Francois"]
[Result "1/2-1/2"]
[WhiteElo "1617"]
[BlackElo "1779"]
[PlyCount "67"]
[EventDate "2016.07.23"]
[EventType "swiss"]
[EventRounds "8"]
[EventCountry "CAN"]

1. c4 e6 2. Nc3 d5 3. d4 Nf6 4. Nf3 c6 5. cxd5 exd5 6. Bf4 Be7 7. e3 Nbd7 8.
Be2 O-O 9. O-O Re8 10. Rc1 Nf8 11. a3 a5 12. h3 Ng6 13. Bh2 Bd6 14. Bxd6 Qxd6
15. Re1 Ne4 16. Nxe4 dxe4 17. Nd2 Nh4 18. Kh1 Bf5 19. Rg1 b5 20. Bg4 Bd7 21.
Bxd7 Qxd7 22. Qg4 Qxg4 23. hxg4 Re6 24. g3 Nf3 25. Nxf3 exf3 26. Rgd1 Rd8 27.
Rc5 Kf8 28. Rdc1 Rdd6 29. Rh5 h6 30. Rcc5 Ke7 31. Rhf5 Rf6 32. Rfe5+ Rfe6 33.
Rf5 Rf6 34. Rfe5+ 1/2-1/2

[Event "Quebec op U2000"]
[Site "Montreal CAN"]
[Date "2016.07.26"]
[Round "5.21"]
[White "Kay, Sang Kil"]
[Black "Gauthier, Luc"]
[Result "1/2-1/2"]
[WhiteElo "1574"]
[BlackElo "1775"]
[PlyCount "108"]
[EventDate "2016.07.23"]
[EventType "swiss"]
[EventRounds "8"]
[EventCountry "CAN"]

1. e4 Nf6 2. Nc3 d5 3. exd5 Nxd5 4. Bc4 Nb6 5. Be2 Nc6 6. Nf3 Bf5 7. d3 e5 8.
Be3 Bb4 9. a3 Bxc3+ 10. bxc3 Nd5 11. Qd2 O-O 12. O-O Re8 13. Rfd1 Bg4 14. c4
Nde7 15. Rab1 b6 16. Ng5 Bxe2 17. Qxe2 h6 18. Nf3 Nf5 19. c3 Qf6 20. Bd2 Rad8
21. Be3 Rd7 22. Nd2 Qg6 23. Ne4 Nh4 24. f3 f5 25. Qf2 fxe4 26. Qxh4 exf3 27.
Qh3 Qxg2+ 28. Qxg2 fxg2 29. Rb2 Red8 30. Rbd2 Kh7 31. Kxg2 Na5 32. Kf3 c5 33.
Ke4 Nc6 34. Rg1 Na5 35. Rgd1 Nc6 36. Rf1 Re8 37. Rf5 Rde7 38. Bf2 g6 39. Rf6
Re6 40. Rf3 Kg7 41. Be3 Nd8 42. Rdf2 R6e7 43. Rh3 g5 44. Rg3 Rf7 45. Rf5 Rxf5
46. Kxf5 Nf7 47. h4 Nd6+ 48. Kg4 gxh4 49. Kxh4+ Kh7 50. Rf3 Rg8 51. Kh5 Rg2 52.
Rf6 Rh2+ 53. Kg4 Rg2+ 54. Kh5 Rh2+ 1/2-1/2